Los conquistadores y el indio americano

I tiakina i:
Ngā taipitopito rārangi puna kōrero
Kaituhi matua: Simpson, Lesley Byrd (Author)
Hōputu: Pukapuka
Reo:Pāniora
I whakaputaina: Barcelona, España Península 1970
Rangatū:Historia, Ciencia, Sociedad, 68
Ngā marau:
Ngā Tūtohu: Tāpirihia he Tūtohu
Kāore He Tūtohu, Me noho koe te mea tuatahi ki te tūtohu i tēnei pūkete!

MARC

LEADER 00000nam a2200000 a 4500
001 UCO2920
003 CL-VaPUC
005 20250228103412.0
008 000608e19700000SP |||||||||||||||||spa|d
999 |c 289410  |d 289408 
040 |c Pontificia Universidad Católica de Valparaíso 
082 0 4 |a 980.013 SIM 1970  |2 21 
100 0 |a Simpson, Lesley Byrd  |e author  |9 446666 
245 1 4 |a Los conquistadores y el indio americano 
260 |a Barcelona, España  |b Península  |c 1970 
300 |a 282 páginas 
490 0 |a Historia, Ciencia, Sociedad,  |v  68 
583 |a last modification  |c 20160817 04:57:15  |k Rodrigo Vera 
600 0 7 |a CARLOS V  |2 CL-VaPUC  |9 349626  |z ESPAÑA 
650 7 |a HISTORIA DE AMERICA  |2 CL-VaPUC  |9 317731  |y SIGLO 16 
650 0 |a Descubrimiento y Conquista de América  |z AMERICA  |9 446281 
650 7 |a CONQUISTADORES  |2 CL-VaPUC  |9 446667  |z ESPAÑA 
650 0 |a Derecho Indiano  |z ESPAÑA  |z AMERICA  |9 256266 
650 0 |a Virreinato de Nueva España  |z AMERICA  |9 446668 
852 |a BIBCUR 
942 |c BK  |2 ddc 
945 |d 20000608 00:00:00  |a rherrera 
952 |0 0  |1 0  |2 ddc  |4 0  |6 980_013000000000000_SIM_1970  |7 0  |8 A  |9 337786  |a BIBHIS  |b BIBHIS  |d 2019-11-20  |i 1289179  |l 1  |o 980.013 SIM 1970  |p 1289179  |r 2025-01-20  |s 2022-11-17  |t 1  |w 2019-11-20  |y BK  |k HIS